000 00485 a2200133 4500
082 _aPGDIT-2
100 _aFaisal Bilal.
_9100975
245 _aOnline family planning guide /
_cFaisal Bilal.
260 _aIslamabad :
_bNUST School of Electrical Engineering & Computer Science,
_c2000.
300 _a52 p. :
_bill. ;
_c27 cm.
500 _aSupervisors : Dr. S M H Zaidi, Maj. Muhammad Saeed.
856 _uhttp://10.250.8.41:8080/xmlui/handle/123456789/13223
942 _cPR
_kPGDIT-2 FAI
_2ddc
999 _c9255
_d9255